|
|
|
|
| LEADER |
00808nam a2200277 4500 |
| 001 |
DLU040026435 |
| 005 |
##20040329 |
| 040 |
# |
# |
|a DLU
|b vie
|
| 041 |
# |
# |
|a vie
|
| 044 |
# |
# |
|a vn
|
| 082 |
# |
# |
|a 639.32
|b NG-H
|
| 100 |
# |
# |
|a Nguyễn Khắc Hường
|
| 245 |
# |
# |
|a Sổ tay nuôi tôm sú, càng xanh và hùm bông =
|b Tiger prawn, giant freshwater prawn, ornatespiny lobster /
|c Nguyễn Khắc Hường
|
| 246 |
# |
# |
|a Tiger prawn, giant freshwater prawn, ornatespiny lobster
|
| 260 |
# |
# |
|a H. :
|b Khoa học và Kỹ thuật,
|c 2000
|
| 300 |
# |
# |
|a 115 tr. ;
|c 16 cm
|
| 504 |
# |
# |
|a Tài liệu tham khảo :tr.109
|
| 992 |
# |
# |
|a 4600
|
| 994 |
# |
# |
|a DLU
|
| 900 |
# |
# |
|a True
|
| 911 |
# |
# |
|a Đào Thị Thu Huyền
|
| 925 |
# |
# |
|a G
|
| 926 |
# |
# |
|a A
|
| 927 |
# |
# |
|a SH
|
| 980 |
# |
# |
|a Thư viện Trường Đại học Đà Lạt
|